000 01327nam a2200385 c 4500
999 _c23146
_d23146
003 BLK
005 20241105152219.0
008 180413b bul|||||r ||||||| ||bul||
010 _aKNG00025619000
020 _a954-9559-90-4
040 _aBLK
041 _aBUL
_cBUL
072 7 _2bullib
_aЯ
_xАвтографи
072 7 _2bullib
_aК
_xКраезнание
072 7 _2bullib
_aРА
_xРусенски автори
080 _aБългарска литература
_b821.163.2
_x-1
_z821.163.2-1
100 1 _aПеева, Иглика Стефанова
_d1956 -
_9107629
139 _aПеева, Иглика Стефанова
_bП 32
245 1 0 _aВ сърцето на лятото
_bСтихове
_cИглика Стефанова Пеева.
257 _aBGR
260 _bЗахарий Стоянов
_c1998
_fСофия : Вулкан 4
300 _a64 с.
_c20 см
380 _aX
490 1 _aСъвременна българска поезия
659 _aК
659 _aЯ
852 _aЦб 199256
852 _aК 821.163.2/П 33 А
856 4 _qpdf
_u
856 4 _qpdf
_u
942 _cKNG
_n0
_s1
_01
944 _aCR
_c15.01.2003
_k30552
_lВиолета Тройчева
944 _aED
_c21.11.2014
_kРенета_Константинова
999 _d23146